[Event "DLM 2011"]
[Site "Xanten GER"]
[Date "2011.11.01"]
[Round "4"]
[White "Rogozenco, Teodora"]
[Black "Rausch, Adrian"]
[Result "0-1"]
[Termination "normal"]
[Board "3.7"]
[WhiteElo "1527"]
[BlackElo "1667"]
[WhiteTeam "Hamburg"]
[BlackTeam "Württemberg"]
[PlyCount "52"]
[WhiteFideId "12938084"]
[BlackFideId "12929069"]
[EventCountry "GER"]
[EventRounds "7"]
[EventType "team-swiss"]
[EventDate "2011.10.30"]

1. c4 c6 2. d4 d5 3. Nc3 dxc4 4. a4 e5 5. dxe5 Qxd1+ 6. Kxd1 Be6 7. e4 Na6 8.
Be3 O-O-O+ 9. Ke1 Bc5 10. Bd2 Bxf2+ 11. Ke2 Bb6 12. Nf3 h6 13. g3 Ne7 14. Bg2
Bg4 15. Rhf1 Ng6 16. h3 Bxf3+ 17. Rxf3 Nxe5 18. Rff1 f6 19. h4 Rd3 20. Bf4 Rhd8
21. h5 Nc5 22. Bh3+ Kb8 23. Bf5 Nb3 24. Ra2 Nd4+ 25. Ke1 Ndf3+ 26. Ke2 Rd2+ 0-1

[Event "DLM 2011"]
[Site "Xanten GER"]
[Date "2011.11.01"]
[Round "4"]
[White "Hirschberg, Valerian"]
[Black "Powierski, Emil"]
[Result "1-0"]
[Termination "normal"]
[Board "4.1"]
[WhiteElo "2225"]
[BlackElo "2022"]
[WhiteTeam "Baden"]
[BlackTeam "Schleswig-Holstein/NDS"]
[PlyCount "89"]
[WhiteFideId "24628492"]
[BlackFideId "4656199"]
[EventCountry "GER"]
[EventRounds "7"]
[EventType "team-swiss"]
[EventDate "2011.10.30"]

1. Nf3 c5 2. c4 g6 3. g3 Bg7 4. Bg2 Nc6 5. Nc3 d6 6. O-O e5 7. d3 Nge7 8. a3
O-O 9. Rb1 a5 10. Ne1 Be6 11. Nc2 d5 12. cxd5 Nxd5 13. Ne3 Nde7 14. Ne4 b6 15.
Ng5 Bd7 16. Bd2 a4 17. Bc3 h6 18. Nf3 Ra7 19. Re1 Qc7 20. Qd2 Nd4 21. Bxd4 exd4
22. Nc2 Be6 23. e3 dxe3 24. fxe3 Rd8 25. d4 cxd4 26. Ncxd4 Qd7 27. Qf2 Bd5 28.
Rbd1 Qc8 29. e4 Bc4 30. e5 Rc7 31. Bf1 Bd5 32. Bg2 Bc4 33. Nd2 Rcd7 34. Bh3 Nf5
35. Nxf5 gxf5 36. Bxf5 Be6 37. Bxe6 fxe6 38. Rc1 Qa6 39. Ne4 b5 40. Nd6 Bxe5
41. Rxe5 Rxd6 42. Qf6 Qa7+ 43. Kg2 Rf8 44. Qxh6 Qf2+ 45. Kh3 1-0

[Event "DLM 2011"]
[Site "Xanten GER"]
[Date "2011.11.01"]
[Round "4"]
[White "Jacobsen, Henrik"]
[Black "Haag, Gregor"]
[Result "1/2-1/2"]
[Termination "normal"]
[Board "4.2"]
[WhiteElo "1983"]
[BlackElo "2065"]
[WhiteTeam "Schleswig-Holstein/NDS"]
[BlackTeam "Baden"]
[PlyCount "41"]
[WhiteFideId "24611123"]
[BlackFideId "24680931"]
[EventCountry "GER"]
[EventRounds "7"]
[EventType "team-swiss"]
[EventDate "2011.10.30"]

1. d4 d5 2. Nf3 e6 3. Bf4 c5 4. c3 Nc6 5. e3 Nf6 6. Nbd2 Be7 7. h3 O-O 8. Bd3
b6 9. Rb1 Bb7 10. O-O Bd6 11. Ne5 Qc7 12. Ndf3 h6 13. Nxc6 Bxc6 14. Bxd6 Qxd6
15. Ne5 Rac8 16. f4 Nd7 17. Qh5 f6 18. Qg6 f5 19. g4 Rf6 20. Qh5 Qf8 21. Rf3
1/2-1/2

[Event "DLM 2011"]
[Site "Xanten GER"]
[Date "2011.11.01"]
[Round "4"]
[White "Noe, Christopher"]
[Black "Polert, Annika"]
[Result "1-0"]
[Termination "normal"]
[Board "4.3"]
[WhiteElo "2067"]
[BlackElo "1792"]
[WhiteTeam "Baden"]
[BlackTeam "Schleswig-Holstein/NDS"]
[PlyCount "75"]
[WhiteFideId "24692018"]
[BlackFideId "24692328"]
[EventCountry "GER"]
[EventRounds "7"]
[EventType "team-swiss"]
[EventDate "2011.10.30"]

1. e4 c5 2. Nf3 d6 3. d3 Nf6 4. g3 g6 5. Bg2 Bg7 6. O-O O-O 7. Nbd2 Nc6 8. c3
Bd7 9. Re1 Rb8 10. Nf1 b5 11. d4 cxd4 12. cxd4 d5 13. e5 Ne8 14. Ne3 Nc7 15. h4
b4 16. h5 e6 17. Ng4 f6 18. exf6 Bxf6 19. hxg6 hxg6 20. Qd3 Kh7 21. Nxf6+ Qxf6
22. Bf4 Rb7 23. Ne5 Nxe5 24. Rxe5 Bb5 25. Qc2 Kg8 26. Rae1 Be8 27. Bh3 Nb5 28.
Qc8 Rb6 29. Rxe6 Rxe6 30. Rxe6 Qf7 31. Qc5 g5 32. Re5 Qf6 33. Rxg5+ Kh7 34.
Rxd5 Qg7 35. Rh5+ Bxh5 36. Qxh5+ Kg8 37. Be6+ Rf7 38. Be5 1-0

[Event "DLM 2011"]
[Site "Xanten GER"]
[Date "2011.11.01"]
[Round "4"]
[White "Diederichs, Luise"]
[Black "Frey, Alisa"]
[Result "0-1"]
[Termination "normal"]
[Board "4.4"]
[WhiteTitle "NDS"]
[WhiteElo "1748"]
[BlackElo "2104"]
[WhiteTeam "Schleswig-Holstein/NDS"]
[BlackTeam "Baden"]
[PlyCount "70"]
[WhiteFideId "24661597"]
[BlackFideId "24634662"]
[EventCountry "GER"]
[EventRounds "7"]
[EventType "team-swiss"]
[EventDate "2011.10.30"]

1. c4 e5 2. g3 Nf6 3. Bg2 d5 4. cxd5 Nxd5 5. Nc3 Nb6 6. d3 Be7 7. Nf3 Nc6 8.
Be3 O-O 9. O-O Be6 10. Rc1 f6 11. Nd2 Rb8 12. Nb3 Rf7 13. Nc5 Bxc5 14. Bxc5 Nd4
15. b3 c6 16. Ne4 Rd7 17. Ba3 Bg4 18. Re1 Nd5 19. h3 Bh5 20. Nc5 Rf7 21. Qd2 b6
22. Ne4 f5 23. Nd6 Rf6 24. Nc4 Qe8 25. Bd6 Rxd6 26. Nxd6 Qg6 27. Nc4 Re8 28. e4
Nf4 29. exf5 Qxf5 30. g4 Bxg4 31. Re3 Nxh3+ 32. Bxh3 Bxh3 33. f4 Qg4+ 34. Kh1
Nf3 35. Qf2 Bg2+ 0-1

[Event "DLM 2011"]
[Site "Xanten GER"]
[Date "2011.11.01"]
[Round "4"]
[White "Töws, Manuel"]
[Black "Wegner, Florian"]
[Result "1-0"]
[Termination "normal"]
[Board "4.5"]
[WhiteElo "1988"]
[BlackElo "1747"]
[WhiteTeam "Baden"]
[BlackTeam "Schleswig-Holstein/NDS"]
[PlyCount "73"]
[WhiteFideId "24654485"]
[BlackFideId "12909416"]
[EventCountry "GER"]
[EventRounds "7"]
[EventType "team-swiss"]
[EventDate "2011.10.30"]

1. e4 d6 2. d4 Nf6 3. Nc3 Nbd7 4. Nf3 e5 5. Bc4 Be7 6. O-O O-O 7. Re1 c6 8. a4
b6 9. d5 Bb7 10. b3 a6 11. Ba3 cxd5 12. Nxd5 Nxd5 13. Bxd5 Bxd5 14. Qxd5 Nf6
15. Qd3 Qc7 16. Rad1 Rfd8 17. c4 Bf8 18. Nd2 Rab8 19. Nf1 Qc6 20. f3 b5 21.
axb5 axb5 22. Ne3 Qb6 23. b4 bxc4 24. Qxc4 d5 25. exd5 Bxb4 26. Bxb4 Qxb4 27.
Qxb4 Rxb4 28. Nf5 e4 29. Ne7+ Kf8 30. Nc6 Rbb8 31. fxe4 Rbc8 32. Nxd8 Rxd8 33.
Kf2 Ke7 34. Kf3 g5 35. Ra1 h6 36. Ra7+ Ke8 37. Rb1 1-0

[Event "DLM 2011"]
[Site "Xanten GER"]
[Date "2011.11.01"]
[Round "4"]
[White "Wanner, Lukas"]
[Black "Riehle, Marco"]
[Result "0-1"]
[Termination "normal"]
[Board "4.6"]
[WhiteElo "1667"]
[BlackElo "1753"]
[WhiteTeam "Schleswig-Holstein/NDS"]
[BlackTeam "Baden"]
[PlyCount "72"]
[WhiteFideId "12918148"]
[BlackFideId "12904392"]
[EventCountry "GER"]
[EventRounds "7"]
[EventType "team-swiss"]
[EventDate "2011.10.30"]

1. e4 e5 2. Nf3 Nc6 3. Bb5 f5 4. d3 d6 5. Nc3 Bd7 6. Nd5 h6 7. O-O f4 8. d4 Bg4
9. dxe5 dxe5 10. Bxc6+ bxc6 11. Nc3 Qxd1 12. Rxd1 Nf6 13. Rd3 Bd6 14. b3 O-O-O
15. Bb2 g5 16. Rad1 Rdg8 17. Na4 Bxf3 18. Rxf3 h5 19. c4 c5 20. Nc3 g4 21. Rfd3
a6 22. Nd5 Nxd5 23. cxd5 Rg6 24. Rc3 h4 25. Ba3 g3 26. fxg3 hxg3 27. h3 Kb7 28.
Rdc1 Rg7 29. Bxc5 Bxc5+ 30. Rxc5 f3 31. R5c3 f2+ 32. Kf1 Rh4 33. Re3 Kb6 34.
Rcc3 Rxh3 35. Rf3 Rh1+ 36. Ke2 Re1+ 0-1

[Event "DLM 2011"]
[Site "Xanten GER"]
[Date "2011.11.01"]
[Round "4"]
[White "Wiesner, Paula"]
[Black "Rieper, Julian"]
[Result "1-0"]
[Termination "normal"]
[Board "4.7"]
[WhiteElo "1780"]
[BlackElo "1507"]
[WhiteTeam "Baden"]
[BlackTeam "Schleswig-Holstein/NDS"]
[PlyCount "71"]
[WhiteFideId "24654019"]
[BlackFideId "12936960"]
[EventCountry "GER"]
[EventRounds "7"]
[EventType "team-swiss"]
[EventDate "2011.10.30"]

1. d4 d5 2. c4 c6 3. Nf3 dxc4 4. e3 b5 5. a4 a6 6. axb5 cxb5 7. b3 cxb3 8.
Bxb5+ Nd7 9. Qxb3 e6 10. Bc6 Rb8 11. Qxb8 Ngf6 12. Ne5 Be7 13. O-O O-O 14. Nxd7
Nxd7 15. Qb3 Bd6 16. Ba3 Qc7 17. Bxd6 Qxd6 18. Bf3 e5 19. Rd1 Re8 20. Nc3 Nf6
21. Nd5 e4 22. Nxf6+ Qxf6 23. Be2 Qg5 24. Bxa6 Bh3 25. Bf1 h6 26. Ra7 Re6 27.
Qb8+ Kh7 28. Qg3 Qh5 29. Rda1 Bf5 30. Qc7 Rg6 31. R1a5 Qd1 32. Rxf5 f6 33. Rxf6
Rg5 34. Rf7 Qg4 35. h3 Qxh3 36. Rxg7+ 1-0

[Event "DLM 2011"]
[Site "Xanten GER"]
[Date "2011.11.01"]
[Round "4"]
[White "Ruiz, Lisa"]
[Black "Steimbach, Isabel"]
[Result "0-1"]
[Termination "normal"]
[Board "4.8"]
[BlackTitle "Nr9"]
[WhiteElo "1083"]
[BlackElo "1602"]
[WhiteTeam "Schleswig-Holstein/NDS"]
[BlackTeam "Baden"]
[PlyCount "96"]
[BlackFideId "24692174"]
[EventCountry "GER"]
[EventRounds "7"]
[EventType "team-swiss"]
[EventDate "2011.10.30"]

1. e4 e5 2. Nf3 d6 3. d4 exd4 4. Nxd4 Nf6 5. Nc3 Be7 6. Be2 O-O 7. O-O Re8 8.
f4 Bf8 9. Bf3 Nbd7 10. Be3 Nc5 11. Bf2 Nfxe4 12. Nxe4 Nxe4 13. Re1 Nxf2 14.
Rxe8 Qxe8 15. Kxf2 c6 16. Kg1 Qe3+ 17. Kh1 Qxf4 18. Qg1 Bg4 19. Re1 Bxf3 20.
Nxf3 Qa4 21. Qf2 Qxa2 22. Rf1 h6 23. b3 Qa5 24. Nh4 Qc7 25. c4 d5 26. cxd5 cxd5
27. Rd1 Bc5 28. Qf5 Be7 29. Nf3 Rd8 30. g3 Qd7 31. Nd4 Qxf5 32. Nxf5 Bf6 33.
Kg2 d4 34. Kf3 d3 35. h4 d2 36. Ne3 Bc3 37. Nf1 Kf8 38. Ke2 Ke7 39. Nxd2 Rxd2+
40. Rxd2 Bxd2 41. Kxd2 Kd6 42. Kd3 Kd5 43. g4 a5 44. h5 b5 45. Ke3 a4 46. bxa4
bxa4 47. Kd3 a3 48. Kc3 Ke4 0-1

[Event "DLM 2011"]
[Site "Xanten GER"]
[Date "2011.11.01"]
[Round "4"]
[White "Bräuer, Franz"]
[Black "Weber, Max"]
[Result "1-0"]
[Termination "normal"]
[Board "5.1"]
[WhiteElo "2172"]
[BlackElo "2026"]
[WhiteTeam "Thüringen"]
[BlackTeam "Mecklenburg-Vorpommern"]
[PlyCount "75"]
[WhiteFideId "24634468"]
[BlackFideId "4624831"]
[EventCountry "GER"]
[EventRounds "7"]
[EventType "team-swiss"]
[EventDate "2011.10.30"]

1. e4 e6 2. d4 d5 3. e5 c5 4. c3 Nc6 5. Nf3 Bd7 6. a3 f6 7. Bd3 fxe5 8. dxe5
Qc7 9. Qe2 c4 10. Bc2 g6 11. h4 Bg7 12. h5 Nxe5 13. hxg6 hxg6 14. Rxh8 Bxh8 15.
Nxe5 Qxe5 16. Bxg6+ Kd8 17. Be3 Ne7 18. Bc2 Nf5 19. Bg5+ Kc7 20. Qxe5+ Bxe5 21.
Bxf5 exf5 22. Nd2 Re8 23. O-O-O Bd6 24. Nf3 Rg8 25. Rd4 Be8 26. Rh4 Rg7 27. g3
Bc5 28. Bf6 Rf7 29. Bd4 Bd6 30. Be5 Re7 31. Bxd6+ Kxd6 32. Kd2 Kc5 33. Nd4 Bd7
34. Rf4 Re5 35. Rf3 Kd6 36. Re3 Be8 37. f4 Rxe3 38. Nxf5+ 1-0

[Event "DLM 2011"]
[Site "Xanten GER"]
[Date "2011.11.01"]
[Round "4"]
[White "Schreiber, Kevin"]
[Black "Wendling, Hannes"]
[Result "1-0"]
[Termination "normal"]
[Board "5.2"]
[WhiteElo "1819"]
[BlackElo "2168"]
[WhiteTeam "Mecklenburg-Vorpommern"]
[BlackTeam "Thüringen"]
[PlyCount "103"]
[WhiteFideId "24655830"]
[BlackFideId "24624284"]
[EventCountry "GER"]
[EventRounds "7"]
[EventType "team-swiss"]
[EventDate "2011.10.30"]

1. d4 d5 2. Nf3 Nf6 3. c4 e6 4. Nc3 Nbd7 5. e3 Be7 6. b3 O-O 7. Bd3 dxc4 8.
bxc4 c5 9. O-O cxd4 10. exd4 b6 11. Bb2 Bb7 12. Qe2 Qc7 13. Rad1 Qf4 14. d5 Nc5
15. Bc1 Qg4 16. Bb1 Nfd7 17. Bxh7+ Kh8 18. Bb1 Bf6 19. Ne4 exd5 20. Nxf6 Nxf6
21. Rd4 Rfe8 22. Qb2 Nce4 23. Ne1 Qe6 24. cxd5 Bxd5 25. Nd3 Bb7 26. f3 Nd6 27.
Re1 Qd7 28. Ne5 Qc7 29. Rxd6 Qc5+ 30. Qd4 Rxe5 31. Rxe5 Qxc1+ 32. Qd1 Qxd1+ 33.
Rxd1 Kg8 34. Re7 Bd5 35. Be4 Nxe4 36. Rxd5 Nc5 37. g4 Kf8 38. Rc7 Ne6 39. Rc4
Ke7 40. a4 Rd8 41. Rxd8 Kxd8 42. h4 Kd7 43. f4 Nc5 44. h5 Ke6 45. Rxc5 bxc5 46.
Kf2 Kd5 47. Ke3 c4 48. g5 Ke6 49. Kd4 c3 50. f5+ Kd6 51. Kd3 Ke5 52. f6 1-0

[Event "DLM 2011"]
[Site "Xanten GER"]
[Date "2011.11.01"]
[Round "4"]
[White "Urban, Lars"]
[Black "Ispirjan, Mikael"]
[Result "1-0"]
[Termination "normal"]
[Board "5.3"]
[WhiteElo "1970"]
[BlackElo "1923"]
[WhiteTeam "Thüringen"]
[BlackTeam "Mecklenburg-Vorpommern"]
[PlyCount "107"]
[WhiteFideId "4644034"]
[BlackFideId "1271217"]
[EventCountry "GER"]
[EventRounds "7"]
[EventType "team-swiss"]
[EventDate "2011.10.30"]

1. d4 Nf6 2. c4 c5 3. d5 e6 4. Nc3 exd5 5. cxd5 d6 6. e4 g6 7. Nf3 Bg7 8. Bd3
O-O 9. Nd2 Nbd7 10. Nc4 Nb6 11. Nxb6 Qxb6 12. O-O Re8 13. Qc2 a6 14. a4 Qc7 15.
h3 Bd7 16. f4 c4 17. Be2 b5 18. axb5 axb5 19. Rxa8 Rxa8 20. Nd1 Re8 21. Bf3 b4
22. Bd2 Rc8 23. Kh2 b3 24. Qb1 Bb5 25. Bc3 Nd7 26. Bg4 Re8 27. Bxd7 Qxd7 28.
Re1 f5 29. Bxg7 Qxg7 30. Nc3 Bd7 31. exf5 Rxe1 32. Qxe1 gxf5 33. Qg3 Qg6 34.
Qh4 Kf7 35. Qd8 Be8 36. Qc7+ Kf8 37. Qxc4 h5 38. Qd4 Qh6 39. h4 Qg6 40. Qe3 Bd7
41. Qg3 Qf7 42. Qg5 Ke8 43. Kh1 Bc8 44. Qg3 Qe7 45. Qg6+ Kf8 46. Qh6+ Kg8 47.
Qg5+ Kf8 48. Qxe7+ Kxe7 49. Kg1 Kd7 50. Kf2 Ba6 51. Ke3 Kc7 52. Kd4 Kb6 53. Nd1
Be2 54. Nc3 1-0

[Event "DLM 2011"]
[Site "Xanten GER"]
[Date "2011.11.01"]
[Round "4"]
[White "Siegert, Gregor"]
[Black "Hoffmann, Tim"]
[Result "1-0"]
[Termination "normal"]
[Board "5.4"]
[WhiteElo "1761"]
[BlackElo "1881"]
[WhiteTeam "Mecklenburg-Vorpommern"]
[BlackTeam "Thüringen"]
[PlyCount "61"]
[WhiteFideId "1271250"]
[BlackFideId "12900338"]
[EventCountry "GER"]
[EventRounds "7"]
[EventType "team-swiss"]
[EventDate "2011.10.30"]

1. e4 c5 2. Nf3 e6 3. d4 cxd4 4. Nxd4 a6 5. Nc3 Qc7 6. Bd3 Nf6 7. O-O Be7 8.
Kh1 d6 9. f4 b5 10. Bd2 Bb7 11. Qe2 O-O 12. Rad1 Nc6 13. Nxc6 Bxc6 14. Rf3 e5
15. Rg3 Qb7 16. fxe5 dxe5 17. Bh6 Ne8 18. Qg4 Bf6 19. Rf1 Qe7 20. Nd5 Bxd5 21.
exd5 g6 22. Bxf8 Qxf8 23. Rgf3 Qd6 24. a4 b4 25. Qc4 Ra7 26. Qc6 Rd7 27. Rxf6
Nxf6 28. Rxf6 Qxd5 29. Qxd5 Rxd5 30. h3 a5 31. Bc4 1-0

[Event "DLM 2011"]
[Site "Xanten GER"]
[Date "2011.11.01"]
[Round "4"]
[White "Nguyen, Huy Dat"]
[Black "Hingst, Silke"]
[Result "1/2-1/2"]
[Termination "normal"]
[Board "5.5"]
[WhiteElo "1733"]
[BlackElo "1849"]
[WhiteTeam "Thüringen"]
[BlackTeam "Mecklenburg-Vorpommern"]
[PlyCount "87"]
[WhiteFideId "12923486"]
[BlackFideId "4624564"]
[EventCountry "GER"]
[EventRounds "7"]
[EventType "team-swiss"]
[EventDate "2011.10.30"]

1. Nf3 f5 2. e4 fxe4 3. Ng5 Nf6 4. d3 d6 5. Nxe4 e5 6. Bg5 Be7 7. Bxf6 Bxf6 8.
Nbc3 Be6 9. Be2 O-O 10. O-O Nd7 11. Bg4 Qe7 12. Bxe6+ Qxe6 13. Nb5 Rfc8 14. Re1
a6 15. Nbc3 Rf8 16. Ng3 Qf7 17. Qe2 Nc5 18. Qf1 Bh4 19. Rad1 Ne6 20. Nce2 Qg6
21. Nc3 Nd4 22. Nd5 Qf7 23. Ne3 Qxa2 24. c3 Nb5 25. Re2 Qf7 26. Ngf5 Bf6 27. c4
Nd4 28. Nxd4 exd4 29. Nd5 Be5 30. Ra1 Qh5 31. g3 Qf7 32. f4 Bf6 33. Rae1 Rae8
34. Rxe8 Rxe8 35. Nxc7 Re3 36. Nd5 Qe8 37. Nxe3 dxe3 38. Qf3 Bxb2 39. Re2 Qa4
40. Qd5+ Kh8 41. Kg2 Bc1 42. Qxb7 h6 43. Qc8+ Kh7 44. Qf5+ 1/2-1/2

[Event "DLM 2011"]
[Site "Xanten GER"]
[Date "2011.11.01"]
[Round "4"]
[White "Schmekel, Florian"]
[Black "Kinzel, Tiffany"]
[Result "0-1"]
[Termination "normal"]
[Board "5.6"]
[WhiteElo "1551"]
[BlackElo "1661"]
[WhiteTeam "Mecklenburg-Vorpommern"]
[BlackTeam "Thüringen"]
[PlyCount "46"]
[WhiteFideId "12913456"]
[BlackFideId "4633741"]
[EventCountry "GER"]
[EventRounds "7"]
[EventType "team-swiss"]
[EventDate "2011.10.30"]

1. d4 Nf6 2. c4 g6 3. Nc3 Bg7 4. e4 d6 5. Be2 O-O 6. Bg5 c5 7. d5 Nbd7 8. Nf3
Ng4 9. Qd2 Nde5 10. Nxe5 Nxe5 11. O-O f5 12. Qe3 Nf7 13. exf5 Nxg5 14. fxg6 Bh6
15. Qg3 Bf5 16. gxh7+ Kxh7 17. f4 Ne4 18. Nxe4 Bxe4 19. Qh3 Rg8 20. Bg4 Qf8 21.
f5 Qg7 22. Rf4 Qd4+ 23. Kh1 Bxg2+ 0-1

[Event "DLM 2011"]
[Site "Xanten GER"]
[Date "2011.11.01"]
[Round "4"]
[White "Michels, Kim"]
[Black "Klinge, Alexandra"]
[Result "1-0"]
[Termination "normal"]
[Board "5.7"]
[WhiteElo "1646"]
[BlackElo "1337"]
[WhiteTeam "Thüringen"]
[BlackTeam "Mecklenburg-Vorpommern"]
[PlyCount "53"]
[WhiteFideId "24690066"]
[EventCountry "GER"]
[EventRounds "7"]
[EventType "team-swiss"]
[EventDate "2011.10.30"]

1. e4 e5 2. Nf3 Nc6 3. Bc4 Bc5 4. c3 Qe7 5. O-O Nf6 6. d4 Bb6 7. Re1 d6 8. h3
Bd7 9. Na3 a6 10. Nc2 h6 11. Ne3 Nxe4 12. Nd5 Nxc3 13. bxc3 Qd8 14. dxe5 O-O
15. Nxb6 cxb6 16. exd6 Qf6 17. Nd4 Qg6 18. Nxc6 Bxc6 19. Bd5 Rad8 20. Bxc6 bxc6
21. Bf4 Qf5 22. Bg3 Qc5 23. Qf3 Rd7 24. Rad1 Qa3 25. Re7 Rxe7 26. dxe7 Qxe7 27.
Bd6 1-0

[Event "DLM 2011"]
[Site "Xanten GER"]
[Date "2011.11.01"]
[Round "4"]
[White "Sadewasser, Lucie"]
[Black "Allin, Katharina"]
[Result "0-1"]
[Termination "normal"]
[Board "5.8"]
[WhiteElo "1292"]
[BlackElo "1284"]
[WhiteTeam "Mecklenburg-Vorpommern"]
[BlackTeam "Thüringen"]
[PlyCount "88"]
[WhiteFideId "12905445"]
[BlackFideId "12903779"]
[EventCountry "GER"]
[EventRounds "7"]
[EventType "team-swiss"]
[EventDate "2011.10.30"]

1. e4 e5 2. Nf3 Nc6 3. Bc4 Bc5 4. b4 Bb6 5. O-O d6 6. c3 Nf6 7. Qb3 Qe7 8. d3
h6 9. a4 a6 10. h3 Be6 11. a5 Ba7 12. Re1 O-O 13. Be3 Bxe3 14. Rxe3 Rad8 15.
Nbd2 Rfe8 16. Rae1 b5 17. axb6 cxb6 18. Qa2 Ra8 19. Bxe6 Qxe6 20. Qxe6 fxe6 21.
Nc4 b5 22. Ncd2 a5 23. Rb1 axb4 24. cxb4 Ra4 25. Ree1 Nxb4 26. d4 Nc2 27. Re2
Nxd4 28. Nxd4 Rxd4 29. Rxb5 Rc8 30. Rb2 Rc1+ 31. Kh2 Rc8 32. Kg1 Kf7 33. Rb7+
Kg6 34. Rb2 h5 35. Kh2 Kh6 36. f3 g5 37. g4 h4 38. Kg2 Nd7 39. Kh2 Rb8 40. Rxb8
Nxb8 41. Kg2 Nc6 42. Nf1 Nb4 43. Rb2 Nd3 44. Kh2 Nxb2 0-1